• 首页
  • 本馆介绍
  • 公告通知
  • 最新文献
  • 馆藏检索
  • 电子资源
  • 读者导购
  • 参考咨询
  • 我的图书馆
  • 登录
  • 详细信息显示
  • 放入我的书架
  • 预约/预借图书
  • 作者相关作品
  • 分类相关作品
  • 丛书相关作品
  • 出版社相关作品

书目信息

  • 表格格式
  • 工作单格式
  • 卡片格式
书名: Mastering physics
作者: H.J.P. Keighley ...[et al].
分册号:
分册名:
出版地: London :
 
出版社: Macmillan
出版时间: 1985.
页数: 362 P. :
开本: 23cm.
丛书名:
中图分类号:
科图分类号:
其他分类号: O4-43
主题词:
电子资源:
000 00585nam 2200229 a 4500
001 E0761165360
003 DLC
005 20070209170153.62
008 0206111985 enka 000 0 eng d
020    @a0333371976.
040    @aNUL@cNUL
043    @aa-cc---
050 00 @aDS754@b.N4 1987
090    @aP31/W189
090    @aO4-43
099    @dO4-43@ex1
245 00 @aMastering physics / @cH.J.P. Keighley ...[et al].
250    @arev. ed.
260    @aLondon :@bMacmillan,@c1985.
300    @a362 P. :@bill. ;@c23cm.
700 1  @aKeighley, H. J. P.
920    @a232010@z1
    
    Mastering physics / / H.J.P. Keighley ...[et al].-rev. ed.-London : : Macmillan, , 1985.
    362 P. : : ill. ; ; 23cm.
    
    
    ISBN 0333371976.
    
●
相关链接 在E读中查询图书 在五车中查询图书 在当当中查询图书 在豆瓣中查询图书


正题名:Mastering physics     索取号:O4-43/x1         预约/预借

序号 登录号 条形码 馆藏地/架位号 状态 备注
1 181647   000451193   第二样本阅览室/ [索取号:O4-43/x1] 在馆    
2 181648   000451111   第四借阅区/ [索取号:O4-43/x1] 在馆    
3 181649   000451157   第四借阅区/ [索取号:O4-43/x1] 在馆    
唐山师范学院图书馆 欢迎您!
大连网信软件有限公司© 版权所有